000 00260nam a22001097a 4500
008 170119b xxu||||| |||| 00| 0 eng d
020 _a9781401859183
041 _aeng
080 _23RD
_a618.2
245 _aFUNDAMENTALS OF NURSNG
_cDELAUNE, S.C
942 _2udc
_cBK
999 _c3176
_d3176